Indo-US relations: during the presidency of Ronald Reegan (Record no. 95824)

MARC details
000 -LEADER
fixed length control field 00387nam a2200145Ia 4500
008 - FIXED-LENGTH DATA ELEMENTS--GENERAL INFORMATION
fixed length control field 230917s9999||||xx |||||||||||||| ||und||
040 ## - CATALOGING SOURCE
-- 98269
Original cataloging agency VIVEKANANDA LIBRARY
041 ## - Language
-- English
082 ## - DDC NUMBER
Classification number 327.54073 K527I
100 ## - MAIN ENTRY--PERSONAL NAME
Personal name Khanna, Manuka
245 #0 - TITLE STATEMENT
Title Indo-US relations: during the presidency of Ronald Reegan
260 ## - PUBLICATION, DISTRIBUTION, ETC. (IMPRINT)
Place of publication, distribution, etc New Delhi
Name of publisher, distributor, etc Classical
Date of publication, distribution, etc 1996
300 ## - PHYSICAL DESCRIPTION
Pages xiv, 279 p.
942 ## - ADDED ENTRY ELEMENTS (KOHA)
Koha item type Books
Holdings
Withdrawn status Lost status Damaged status Not for loan Location (home branch) Sublocation or collection (holding branch) Date acquired Koha issues (times borrowed) Koha full call number Accession No. Koha date last seen Koha item type
        VIVEKANANDA LIBRARY VIVEKANANDA LIBRARY 20/10/2003   327.54073 K527I 178182 17/09/2023 Books
© Designed and Maintained by Vivekananda Library, MDU Rohtak